Военно-химическое дело. Вып.2 (Запись № 13478914)
[ простой вид ]
| 000 -МАРКЕР | |
|---|---|
| контрольное поле | 01837nam2a22003251 4500 |
| 001 - ИДЕНТИФИКАТОР ЗАПИСИ | |
| контрольное поле | RU\NLR\A1SV\25286 |
| 005 - ИДЕНТИФИКАТОР ВЕРСИИ | |
| контрольное поле | 20251203152403.2 |
| 035 ## - ДРУГИЕ СИСТЕМНЫЕ НОМЕРА | |
| Идентификатор записи | (NLR Aleph) 009709634 |
| 100 ## - ДАННЫЕ ОБЩЕЙ ОБРАБОТКИ | |
| Данные общей обработки | 19800419d1925 u y0rusy50 ca |
| 101 0# - ЯЗЫК РЕСУРСА | |
| Язык текста, звукозаписи и т.д. | русский |
| 200 0# - ЗАГЛАВИЕ И СВЕДЕНИЯ ОБ ОТВЕТСТВЕННОСТИ | |
| Основное заглавие | Вып.2 |
| 210 ## - ПУБЛИКАЦИЯ, РАСПРОСТРАНЕНИЕ И ДР. | |
| Дата издания, распространения и т.д. | 1925 |
| 215 ## - ФИЗИЧЕСКАЯ ХАРАКТЕРИСТИКА | |
| Специфическое обозначение материала и объем | 208 с. |
| Другие сведения о физической характеристике | ил. |
| 320 ## - ПРИМЕЧАНИЯ О НАЛИЧИИ В ДОКУМЕНТЕ БИБЛИОГРАФИИ / УКАЗАТЕЛЯ | |
| Текст примечания | Библиогр. в конце отд. ст. |
| 327 1# - ПРИМЕЧАНИЯ О СОДЕРЖАНИИ | |
| Текст примечания | Авт.: Г.Д.Угрюмов, А.В.Аксенов, А.А.Горяинов, А.И.Пахомычев, Н.А.Изгарышев, С.А.Вознесенский, З.М.Явич |
| 461 #1 - УРОВЕНЬ НАБОРА | |
| Встроенное поле | 001RU\NLR\A1SV\25284 |
| -- | 2000#$aВоенно-химическое дело$eТр. Воен.-хим. отд-ния ВНО при Высш. воен.-хим. шк. Р.-К.К.А.$fПод общ. ред. Я.Л.Авиновицкого, В.Н.Баташева, А.Ф.Яковлева$vВып.2 |
| Системный номер (АБИС) связанной записи | 9826936 |
| Место публикации | М. |
| Дата публикации | 1924-1925 |
| Первые сведения об ответственности | Под общ. ред. Я.Л.Авиновицкого, В.Н.Баташева, А.Ф.Яковлева |
| Имя издателя, распространителя и т.д. | Воен. вестн. |
| Сведения, относящиеся к заглавию | Тр. Воен.-хим. отд-ния ВНО при Высш. воен.-хим. шк. Р.-К.К.А. |
| Заглавие | Военно-химическое дело |
| Номер тома | Вып.2 |
| 702 #1 - ИМЯ ЛИЦА - ВТОРИЧНАЯ ОТВЕТСТВЕННОСТЬ | |
| Начальный элемент ввода | Горяинов |
| Часть имени, кроме начального элемента ввода | А.А. |
| Даты | 1885-1937 |
| Расширение инициалов личного имени | Александр Андреевич |
| 702 #1 - ИМЯ ЛИЦА - ВТОРИЧНАЯ ОТВЕТСТВЕННОСТЬ | |
| Начальный элемент ввода | Пахомычев |
| Часть имени, кроме начального элемента ввода | А.И. |
| Даты | 1887-1960 |
| Расширение инициалов личного имени | Александр Иванович |
| 702 #1 - ИМЯ ЛИЦА - ВТОРИЧНАЯ ОТВЕТСТВЕННОСТЬ | |
| Начальный элемент ввода | Изгарышев |
| Часть имени, кроме начального элемента ввода | Н.А. |
| Даты | 1884-1956 |
| Расширение инициалов личного имени | Николай Александрович |
| 702 #1 - ИМЯ ЛИЦА - ВТОРИЧНАЯ ОТВЕТСТВЕННОСТЬ | |
| Начальный элемент ввода | Вознесенский |
| Часть имени, кроме начального элемента ввода | С.А. |
| 702 #1 - ИМЯ ЛИЦА - ВТОРИЧНАЯ ОТВЕТСТВЕННОСТЬ | |
| Начальный элемент ввода | Аксенов |
| Часть имени, кроме начального элемента ввода | А.В. |
| 702 #1 - ИМЯ ЛИЦА - ВТОРИЧНАЯ ОТВЕТСТВЕННОСТЬ | |
| Начальный элемент ввода | Явич |
| Часть имени, кроме начального элемента ввода | З.М. |
| Расширение инициалов личного имени | Зиновий Михайлович |
| 702 #1 - ИМЯ ЛИЦА - ВТОРИЧНАЯ ОТВЕТСТВЕННОСТЬ | |
| Начальный элемент ввода | Угрюмов |
| Часть имени, кроме начального элемента ввода | Г.Д. |
| Даты | 1895- |
| Расширение инициалов личного имени | Георгий Дмитриевич |
| 801 #0 - ИСТОЧНИК ЗАПИСИ | |
| Страна | Российская Федерация |
| Организация | NLR |
| Дата составления | 19800419 |
| 852 ## - МЕСТОНАХОЖДЕНИЕ И ШИФР ХРАНЕНИЯ | |
| Идентификатор организации | NLR |
| Шифр хранения (Call Number) | 13/148 |
| 942 ## - ДОПОЛНИТЕЛЬНЫЕ ЭЛЕМЕНТЫ ЗАПИСИ (АБИС) | |
| Тип экземпляра АБИС | Книга |
| 980 ## - КОЛЛЕКЦИЯ | |
| Название коллекции | Международный сводный каталог русской книги (1918-1926) |
| 980 ## - КОЛЛЕКЦИЯ | |
| Название коллекции | Национальная библиография |
Нет доступных экземпляров.